Ultraviolet degradation of natural rubber latex films vulcanised with different accelerators (Record no. 71734)

MARC details
000 -LEADER
fixed length control field 00543nam a2200193Ia 4500
100 ## - MAIN ENTRY--AUTHOR NAME
Personal name Travas-Sejdic J
245 #0 - TITLE STATEMENT
Title Ultraviolet degradation of natural rubber latex films vulcanised with different accelerators
260 ## - PUBLICATION, DISTRIBUTION, ETC. (IMPRINT)
Name of publisher Polimeri
Year of publication 1994
300 ## - PHYSICAL DESCRIPTION
Number of Pages 119-122
500 ## - GENERAL NOTE
General note Source Year: 1997
650 ## - SUBJECT ADDED ENTRY--TOPICAL TERM
Topical Term Natural rubber latex film
650 ## - SUBJECT ADDED ENTRY--TOPICAL TERM
Topical Term Ultraviolet degradation
650 ## - SUBJECT ADDED ENTRY--TOPICAL TERM
Topical Term Vulcanisation
700 ## - ADDED ENTRY--PERSONAL NAME
Personal name Bravar M
700 ## - ADDED ENTRY--PERSONAL NAME
Personal name Jelencic J
856 ## - ELECTRONIC LOCATION AND ACCESS
Uniform Resource Identifier IRRDB
942 ## - ADDED ENTRY ELEMENTS (KOHA)
Koha item type Journals
Holdings
Withdrawn status Lost status Damaged status Not for loan Home library Current library Shelving location Date acquired Serial Enumeration / chronology Koha item type
      Journals RRII Library RRII Library Rubber chemistry 17/12/2021 Volume 15, Issue 4 Journals